000 00866cam a22002291 4500
082 0 0 _a510.2462
_bKAR
_cL-3, P-20
100 1 _aVon Kármán, Theodore,
_939034
245 1 0 _aMathematical methods in engineering;
_ban introduction to the mathematical treatment of engineering problems,
_cby Theodore v. Kármán and Maurice A. Biot.
250 _a1st ed.
260 _aNew York,
_aLondon,
_bMcGraw-Hill book company, inc.,
_c1940.
300 _axii, 505 p.
_billus., diagrs.
_c24 cm.
500 _a"Answers to problems": p. 477-490.
526 _a0
_b0
_c0
_d510_246200000000000_KAR
650 0 _aCalculus, Operational.
_938999
650 0 _aDifferential equations.
_9688
650 0 _aDynamics.
_97202
650 0 _aEngineering mathematics.
_92310
650 0 _aFourier series.
_939035
650 0 _aMCE
_9379
700 1 _aBiot, Maurice A.
_939036
942 _2ddc
_cBK
999 _c543612
_d543612